000 00600nam a22001575i 4500
001 152025
003 ES-MaACL
005 20230906204511.0
008 051007s1859 fr | |||||||| ||fre d
040 _aCAM
_bspa
_cCAM
100 1 _aBerthet, Elie.
_928448
245 1 3 _aLa roche tremblante
_b; Le premier hareng ; Le chasseur de Marmottes ; Les deux mourants /
_cÉlie Berthet.
260 _aParis :
_bLibrairie Nouvelle :
_bA. Bourdillat et Cie.,
_c1859 (
_fImprimerie de la Librairie Nouvelle, A. Bourdillat)
300 _a282 p. ;
_c19 cm.
852 _aES-MaACL
_jG-7853
_z-- Enc. pasta española
999 _c152025
_d152025